书目信息 |
| 题名: |
杜布菲特
|
|
| 作者: | 杜布菲特 绘 | |
| 分册: | ||
| 出版信息: | 上海 上海人民美术出版社 2000.01 |
|
| 页数: | 78页 | |
| 开本: | 24开 | |
| 丛书名: | ||
| 单 册: | ||
| 中图分类: | J239 | |
| 科图分类: | ||
| 主题词: | 绘画--世界 , 绘画--各国 | |
| 电子资源: | ||
| ISBN: | 7-5322-2214-4 | |
| 000 | 00557nam0 2200205 45 | |
| 001 | 0010251710 | |
| 005 | 20001025170326.7 | |
| 010 | @a7-5322-2214-4@d28.00元 | |
| 100 | @a20001025d2000 km y0chiy0120 ea | |
| 101 | 0 | @achi |
| 105 | @a z 000yy | |
| 200 | 1 | @a杜布菲特@ADu Bu Fei Te@f(法)杜布菲特绘@F(Fa)Du Bu Fei Te Hui |
| 210 | @a上海@c上海人民美术出版社@d2000.01 | |
| 215 | @a78页@d24开 | |
| 606 | 0 | @a绘画@x世界 |
| 606 | 0 | @a绘画@y各国 |
| 690 | @aJ239@v3 | |
| 701 | 0 | @a杜布菲特@4绘 |
| 801 | @aCN@bPftUser@c20001025 | |
| 905 | @b188476@dJ239@eD235@f1 | |
| 杜布菲特/(法)杜布菲特绘.-上海:上海人民美术出版社,2000.01 |
| 78页;24开 |
| ISBN 7-5322-2214-4:28.00元 |
| ● |
| 相关链接 |
|
|
|
正题名:杜布菲特
索取号:J239/D235
 
预约/预借
| 序号 | 登录号 | 条形码 | 馆藏地/架位号 | 状态 | 备注 |
| 1 | 188476 | 201884764 | 社科库309/309社科库 78排3列5层/ [索取号:J239/D235] | 在馆 |